| 000 | 00538nam a2200169 4500 | ||
|---|---|---|---|
| 001 | 112772 | ||
| 003 | ES-MaACL | ||
| 005 | 20230906185626.0 | ||
| 007 | t| | ||
| 008 | 061121s1963 sp r ||||1| spa d | ||
| 100 | 1 |
_aMurga y Serret, Jorge de. _984574 |
|
| 245 | 1 | 0 |
_aBiología general _b: 1er curso. Histología humana. Anatomía funcional / _cJorge de Murga y Serret. |
| 250 | _a10ª ed. | ||
| 260 |
_aMadrid : _b[s.n.], _c1963 ( _fGráf. Onofre Alonso) |
||
| 300 |
_a254 p. : _bil ; _c24 cm. |
||
| 852 |
_aES-MaACL _jF-14664 _bR.53650 |
||
| 999 |
_c112772 _d112772 |
||